书目信息 |
| 题名: |
鲁迅杂文
|
|
| 作者: | 鲁迅, 著 ;王凤霞 编 | |
| 分册: | 四 | |
| 出版信息: | 北京 线装书局 2009.03 |
|
| 页数: | 247页 | |
| 开本: | 23cm | |
| 丛书名: | 为了忘却的纪念 | |
| 单 册: | ||
| 中图分类: | I210.4 | |
| 科图分类: | ||
| 主题词: | 鲁迅杂文--Lu Xun Za Wen--选集 | |
| 电子资源: | ||
| ISBN: | 978-7-80106-918-4 | |
| 000 | 00806nam 2200277 450 | |
| 001 | CAL 012010001636 | |
| 005 | 20110228140625.57 | |
| 010 | @a978-7-80106-918-4@dCNY32.00 | |
| 092 | @b华现09-116-218 | |
| 099 | @aCAL 012010001636 | |
| 100 | @a20100105d2009 ekmy0chiy50 ea | |
| 101 | 0 | @achi |
| 102 | @aCN@b330000 | |
| 105 | @ay z 000cy | |
| 200 | 1 | @a鲁迅杂文@ALu Xun Za Wen@h四@f鲁迅著@g王凤霞编 |
| 210 | @a北京@c线装书局@d2009.03 | |
| 215 | @a247页@d23cm | |
| 225 | 2 | @a为了忘却的纪念@AWei Le Wang Que De Ji Nian |
| 410 | 0 | @12001 @a为了忘却的纪念 |
| 606 | 0 | @a鲁迅杂文@ALu Xun Za Wen@j选集 |
| 690 | @aI210.4@v4 | |
| 701 | 0 | @a鲁迅,@ALu Xun@f1881-1936@4著 |
| 702 | 0 | @a王凤霞@AWang Feng Xia@4编 |
| 801 | 0 | @aCN@bSDUL@c20110228 |
| 905 | @aZUCC@dI210.4@eL82413:4@f3 | |
| 998 | @aSDU | |
| 鲁迅杂文.四/鲁迅著/王凤霞编.-北京:线装书局,2009.03 |
| 247页;23cm.-(为了忘却的纪念) |
| ISBN 978-7-80106-918-4:CNY32.00 |
| ● |
| 相关链接 |
|
|
|
正题名:鲁迅杂文
索取号:I210.4/L82413:4
 
预约/预借
| 序号 | 登录号 | 条形码 | 馆藏地/架位号 | 状态 | 备注 |
| 1 | 1183534 | 211835344 | 文学库108/108文学库 12排5列2层/ [索取号:I210.4/L82413:4] | 在馆 | |
| 2 | 1183535 | 211835353 | 文学库108/108文学库 12排3列5层/ [索取号:I210.4/L82413:4] | 在馆 | |
| 3 | 1183536 | 211835362 | 社科二线400B/108文学库 12排5列2层/ [索取号:I210.4/L82413:4] | 在馆 |